000
00283nam a2200109Ia 4500
008
200302s9999 xx 000 0 und d
100
_a
francisco Asensio Cerver
245
_a
Broken Buildigns Busted Budgets
260
_b
The University of Chicago, USA
260
_c
2007
300
_a
229
999
_c
4590
_d
4590